Geography Quiz

Random Geography or State Quiz

Russian US State Capitals Quiz Stats

 Plays Quiz not verified by Sporcle

Score 0/50 Timer 15:00
0 Plays Today
Russian English % Correct
Оклахома-СитиOklahoma City
93.2%
АтлантаAtlanta
89.8%
Батон-РужBaton Rouge
89.8%
Солт-Лейк-СитиSalt Lake City
89.8%
СакраментоSacramento
88.6%
БойсеBoise
88.6%
БостонBoston
88.6%
МонтгомериMontgomery
87.5%
ТрентонTrenton
87.5%
Санта-ФеSanta Fe
87.5%
МадисонMadison
87.5%
ТаллахассиTallahassee
86.4%
АннаполисAnnapolis
86.4%
Карсон-СитиCarson City
86.4%
ДенверDenver
85.2%
ТопикаTopeka
85.2%
ФранкфортFrankfort
85.2%
ДжэксонJackson
84.1%
Джефферсон-СитиJefferson City
84.1%
КонкордConcord
84.1%
БисмаркBismarck
84.1%
КолумбусColumbus
84.1%
СейлемSalem
84.1%
ОстинAustin
84.1%
МонтпилиерMontpelier
84.1%
Russian English % Correct
ОлимпияOlympia
84.1%
Литл-РокLittle Rock
83%
ГонолулуHonolulu
83%
ИндианаполисIndianapolis
83%
Де-МойнDes Moines
83%
ЛансингLansing
83%
ГаррисбергHarrisburg
83%
ПровиденсProvidence
83%
ДоверDover
81.8%
СпрингфилдSpringfield
81.8%
Сент-ПолSt. Paul
81.8%
КолумбияColumbia
81.8%
НашвиллNashville
81.8%
ЧарлстонCharleston
81.8%
ФиниксPhoenix
80.7%
ХеленаHelena
80.7%
ПиррPierre
80.7%
РичмондRichmond
80.7%
ШайеннCheyenne
80.7%
ХартфордHartford
79.5%
ОлбаниAlbany
79.5%
ОгастаAugusta
78.4%
ЛинкольнLincoln
78.4%
РолиRaleigh
78.4%
ДжуноJuneau
76.1%

You're not logged in!

Compare scores with friends on all Sporcle quizzes.
OR
Log In

Sporcle TV

Today on Sporcle TV


Watch our educational content, quiz creation guides, and fun videos on Sporcle TV.

Show Comments

Extras

Top Quizzes Today


Score Distribution

Your Account Isn't Verified!

In order to create a playlist on Sporcle, you need to verify the email address you used during registration. Go to your Sporcle Settings to finish the process.

Report this User

Report this user for behavior that violates our Community Guidelines.

Details: